000
00281nam a2200121Ia 4500
008
190216s9999||||xx |||||||||||||| ||und||
100
_a
"A Pitiet,Kandaswami A"
245
0
_a
Analog Electronics
260
_b
Phi Learning
_c
2009
300
_a
348
650
_a
Physics
942
_c
BK
999
_c
34400
_d
34400